000 00984nam a2200265Ia 4500
003 OSt
005 20221005110940.0
006 a|||||r|||| 00| 0
007 ta
008 221004b |||||||| |||| 00| 0 hin d
020 _a9789387462854 (hbk)
_cINR 850.00
024 _a44533
037 _bBR/7269, 16/02/2019, Rajkamal Prakashan Pvt. Ltd.
_cTextual
040 _aCRL
_cCRL
_bhin
041 _2hin
_ahin
082 _aZ2,9298:(W:58), 152Q8
100 _aरॉय, अरूणा, ले.
245 0 _aआर टी आइ
_b कैसे आई !
246 _aĀr ṭī āi: kaise āī !
260 _aनई दिल्ली
_bराजकमल प्रकाशरन भारत
_c2018
300 _a342पृ0
_ccm.
650 _aकानून शास्त्र
942 _hZ2,9298:(W:58), 152Q8
_cTEXL
_2cc
999 _c1020341
_d1020341